00480nam a2200145 a 450000500170000000800410001702000180005805000230007610000200009924500380011926000360015730000090019399900190020295201130022120140412111325.0110128s19uu xx 00 eng d a0-590-20307-x aTR(PS EbBa23 1994 aFleming, Denise aBanyard Banter /cDenise Fleming. aU.S.A :bBanyard Banter,c1994. aunp. c104609d104609 001040aELbELcTRd2011-01-28eLib. Fundl0oTR(PS E Ba23 1994pE8366r2014-04-12 00:00:00w2014-04-12yBK